Daň z nehnuteľností v roku 2019
Povinnosť podať priznanie alebo čiastkové priznanie. Daň z pozemkov. Daň zo stavieb. Daň z bytov. Úľavy na dani z nehnuteľností. Vznik daňovej povinnosti. Zánik daňovej povinnosti. Praktické príklady.
Salvato in:
| Autore principale: | |
|---|---|
| Natura: | Capitolo di libro |
| Lingua: | slovacco |
| Soggetti: | |
| Tags: |
Nessun Tag, puoi essere il primo ad aggiungerne!!
|
MARC
| LEADER | 00000naa a2200000 4500 | ||
|---|---|---|---|
| 001 | 0249884 | ||
| 005 | 20190108102307.4 | ||
| 041 | 0 | |a slo | |
| 044 | |a SK | ||
| 245 | 1 | 0 | |a Daň z nehnuteľností v roku 2019 |c Iveta Ištóková |
| 520 | |a Povinnosť podať priznanie alebo čiastkové priznanie. Daň z pozemkov. Daň zo stavieb. Daň z bytov. Úľavy na dani z nehnuteľností. Vznik daňovej povinnosti. Zánik daňovej povinnosti. Praktické príklady. | ||
| 610 | 2 | 0 | |a nehnuteľnosti |
| 610 | 2 | 0 | |a kataster nehnuteľností |
| 610 | 2 | 0 | |a dane z bytov |
| 610 | 2 | 0 | |a dane z nehnuteľností |
| 610 | 2 | 0 | |a úľavy daňové |
| 610 | 2 | 0 | |a nájomcovia |
| 610 | 2 | 0 | |a správa daňová |
| 100 | 1 | |a Ištóková, Iveta | |